| 000 | 01909nam a2200301 a 4500 | ||
|---|---|---|---|
| 001 | 000000595 | ||
| 003 | DO-SdBNP | ||
| 005 | 20211115115840.0 | ||
| 008 | 090331s2000 dr abc 000 0 spa d | ||
| 020 | _a9993401439 | ||
| 020 | _a9789993401438 | ||
| 040 |
_aDO-SdBNP _bspa _cBNPHU |
||
| 082 |
_a972.9358 _bN753p |
||
| 100 | 1 |
_aNoboa Warden, Margarita, _d1948- _91942 |
|
| 245 | 1 | 0 |
_aPuerto Plata : _bla reina del Océano Atlántico (geografía, historia, cultura y desarrollo de la provincia) / _cMargarita Noboa Warden ; prólogo Rodrigo Jaque García. |
| 260 |
_aSanto Domingo : _bBúho, _c2000. |
||
| 300 |
_a372 p. : _bil., retrs. ; _c23 cm. |
||
| 500 | _aIncluye datos biográficos de la autora en la solapa de la cubierta | ||
| 504 | _aIncluye referencias biográficas y notas al pie de las páginas. | ||
| 504 | _aBibliografía: p. 365-372. | ||
| 505 | 0 |
_tPuerto Plata: la reina del Océano Atlántico -- _tPrólogo -- _tIntroducción -- _tÁmbito geográfico de la provincia de Puerto Plata -- _tNuestra isla antes de la llegada del almirante Cristóbal Colón -- _tFundación, colonización y evolución de Puerto Plata -- _tEl Puerto Plata de ayer -- _tPuerto Plata hoy: municipios que la conforman -- _tBase económica de la provincia -- _tEstudio socio demográfico -- _tGobierno municipal, cultura y deportes -- _tLa provincia de Puerto Plata frente a los retos del nuevo milenio -- _tAnexos. |
|
| 586 | _a" La presente obra obtuvo el tercer premio de la subregión Cibao Central en el Primer Concurso Nacional sobre Historia y Desarrollo de las Provincias de la Comisión Presidencial de Apoyo al Desarrollo Provincial ".-- En portada | ||
| 650 | 4 |
_aCiudades y pueblos _zRepública Dominicana _9784 |
|
| 651 | 4 |
_aPuerto Plata (República Dominicana) _xHistoria local _91943 |
|
| 700 | 1 |
_aJacque García, Rodrigo, _epról. _91944 |
|
| 910 | _aValidado. Control de calidad MMOLINA | ||
| 942 |
_2ddc _cLBS1 |
||
| 999 |
_c593 _d593 |
||